000 01037nam0a22002771 4500
001 rc\3045404
005 20250810062321.0
035 _a(NLR Aleph) 007185205
090 _a7482553
_c7482553
100 _a20111007d1944 u y0rusy50 ca
101 0 _arus
102 _aRU
105 _ay z |||||
200 1 _aК проблеме изучения отечественной педагогики
_e[Тезисы доклада]
_fШ.И. Ганелин
_gНауч. сессия, посвящ. 125-летию Ленингр. ун-та
210 _a[Ленинград]
_cБ. и.
_d[1944]
_g[тип. им. Евг. Соколовой]
215 _a[4] с.
_d22 см
300 _aБез обл. и тит. л.
700 1 _aГанелин
_bШ.И.
_f1894-1974
_gШолом Израилевич
801 0 _aRU
_bNLR
_gpsbo
801 1 _aRU
_bELAR
_2rusmarc
852 _aNLR
_jПр 50 г-3/3-19
942 _cBOOK
945 _aРоссийская национальная библиотека
980 _aNB
980 _aBV